Autopublicando juntas (Record no. 1602)
[ view plain ]
| 000 -LEADER | |
|---|---|
| campo de control de longitud fija | 00782nam a22001337a 4500 |
| 008 - DATOS DE LONGITUD FIJA--INFORMACIÓN GENERAL | |
| campo de control de longitud fija | 180829b xxu||||| |||| 00| 0 eng d |
| 082 ## - NÚMERO DE LA CLASIFICACIÓN DECIMAL DEWEY | |
| Número de clasificación | 808.066 |
| Número de ítem | AU939a |
| 100 ## - ENTRADA PRINCIPAL--NOMBRE DE PERSONA | |
| Nombre de persona | Taller de Producción Editorial |
| 9 (RLIN) | 6642 |
| 245 ## - MENCIÓN DEL TÍTULO | |
| Título | Autopublicando juntas |
| 260 ## - PUBLICACIÓN, DISTRIBUCIÓN, ETC. | |
| Lugar de publicación, distribución, etc. | Ciudad de México |
| Nombre del editor, distribuidor, etc. | Editorial de Cráter Invertido |
| Fecha de publicación, distribución, etc. | 2017 |
| 300 ## - DESCRIPCIÓN FÍSICA | |
| Extensión | 44 p. |
| Otras características físicas | ill. |
| Dimensiones | 21.7 cm |
| 505 ## - NOTA DE CONTENIDO CON FORMATO | |
| Título | ¿Qué es publicar? |
| -- | ¿Cómo concebir un proyecto editorial? |
| -- | Los contenidos |
| -- | La edición |
| -- | El diseño |
| -- | La preprensa |
| -- | La impresión |
| -- | ¿Qué es la duplicadora de esténcil? |
| -- | Guía rápida de impresión |
| -- | El registro |
| -- | Los acabados |
| -- | Herramientas básicas |
| -- | Partes del libro |
| -- | El archivo |
| -- | La circulación |
| 650 ## - PUNTO DE ACCESO ADICIONAL DE MATERIA--TÉRMINO DE MATERIA | |
| Fuente del encabezamiento o término | Literatura |
| Subdivisión general | Exposición literaria |
| -- | Escritos técnicos |
| -- | Redacción |
| -- | Publicación |
| -- | Publicación - Comunidad |
| 9 (RLIN) | 6643 |
| Estatus retirado | Estado de pérdida | Fuente del sistema de clasificación o colocación | Estado de daño | No para préstamo | Biblioteca de origen | Biblioteca actual | Ubicación en estantería | Fecha de adquisición | Total de préstamos | Signatura topográfica completa | Código de barras | Visto por última vez | Precio de reemplazo | Tipo de ítem Koha |
|---|---|---|---|---|---|---|---|---|---|---|---|---|---|---|
| Clasificación Decimal Dewey | Biblioteca LadoV | Biblioteca LadoV | 29/08/2018 | 808.066 AU939a | 004663 | 29/08/2018 | 29/08/2018 | Material 01 |
